LIBRARY & INFORMATION CENTRE, KCAET, TAVANUR

ONLINE PUBLIC ACCESS CATALOGUE (OPAC)

Child Development / (Record no. 1152)

MARC details
000 -LEADER
fixed length control field 00426cam a2200169ua 4500
041 ## - LANGUAGE CODE
Language code of text/sound track or separate title eng
082 ## - DEWEY DECIMAL CLASSIFICATION NUMBER
Classification number 612.65
Item number DIN/CH
100 ## - MAIN ENTRY--AUTHOR NAME
Personal name Dinkmeyer, Don.C .
245 ## - TITLE STATEMENT
Title Child Development /
260 ## - PUBLICATION, DISTRIBUTION, ETC. (IMPRINT)
Place of publication New Delhi :
Name of publisher Prentice Hall of India Pvt Ltd. ,
Year of publication 1967.
300 ## - PHYSICAL DESCRIPTION
Number of Pages 434 ; .
942 ## - ADDED ENTRY ELEMENTS (KOHA)
Koha item type Books
Holdings
Withdrawn status Lost status Damaged status Home library Current library Date acquired Full call number Accession Number Koha item type
      KAUAET KAUAET 07/04/2012 612.65 10768 Books
free website counter